Guia de la Xarxa de Museus Locals / [textos: Pere Izquierdo Tugas, Rosario Rodríguez Fernández i Carme Rius Font] Pere Izquierdo Tugas, Rosario Rodríguez Fernández i Carme Rius Font]
Publicado:
[Barcelona :
Enciclopèdia Catalana : Oficina de Patrimoni Cultural, Diputació de Barcelona ,
2002
Descripción Física:
95 p. : il. ; 21 cm
MARC
| LEADER | 00000nam a2200000Ia 4500 | ||
|---|---|---|---|
| 001 | 14834 | ||
| 008 | 160829s2002 xx 000 0 cat d | ||
| 080 | |a O-1-126 | ||
| 100 | 1 | |a Izquierdo Tugas, Pere, |d 1963- |9 34935 | |
| 245 | |a Guia de la Xarxa de Museus Locals / [textos: |b Pere Izquierdo Tugas, Rosario Rodríguez Fernández i Carme Rius Font] | ||
| 260 | |a [Barcelona : |b Enciclopèdia Catalana : |b Oficina de Patrimoni Cultural, Diputació de Barcelona, |c 2002 | ||
| 300 | |a 95 p. : |b il. ; |c 21 cm | ||
| 650 | |a Xarxa de Museus Locals |x Guies |9 25721 | ||
| 650 | |a Museus |x Barcelona (Província) |x Guies |9 20512 | ||
| 710 | 1 | |a Barcelona (Catalunya : Província). |b Oficina de Patrimoni Cultural |9 52675 | |
| 901 | |a Arxiu | ||
| 942 | |n 1 | ||
| 952 | |0 0 |1 0 |4 0 |6 O1126 |7 1 |9 43759 |a Arxiu |b Arxiu |d 2016-12-01 |l 0 |o O-1-126 |p 14834 |r 2016-12-01 00:00:00 |w 2016-12-01 |y ARXIU | ||
| 999 | |c 46307 |d 46307 | ||